000
00366nam a2200133Ia 4500
008
151001s9999||||xx |||||||||||||| ||und||
100
_a
हरी नारायण आपटे
245
_a
गड आला पण सिंह गेला
250
_a
1
260
_b
के ग शारंगपाणी
260
_c
1951
300
_a
150
365
_b
7
999
_c
953681
_d
953678